Statistiques concernant Les 100 plus grandes stations de ski françaises

Cliquez ici pour prendre le quiz!

Statistiques générales

  • Ce quiz a été pris 996 fois
  • Le résultat moyen est 24 sur 100

Statistiques - réponses

Nombre de pistesStationsDépartement% Correct
109CourchevelSavoie
86%
92Val ThorensSavoie
78%
135La PlagneSavoie
77%
119Chamonix-Mont-BlancHaute-Savoie
76%
79Val d'IsèreSavoie
74%
71MéribelSavoie
70%
78L'Alpe d'HuezIsère
69%
98Les Arcs / Peisey-VallandrySavoie
67%
76TignesSavoie
65%
92Les 2 AlpesIsère
64%
84Megève / Saint-GervaisHaute-Savoie
61%
51AvoriazHaute-Savoie
60%
85La Clusaz / ManigodHaute-Savoie
56%
86Les MenuiresSavoie
55%
82Serre ChevalierHautes-Alpes
51%
37MorzineHaute-Savoie
43%
47Le Grand BornandHaute-Savoie
41%
50Les GêtsHaute-Savoie
40%
45Isola 2000Alpes-Maritimes
38%
62Val CenisSavoie
38%
81Châtel / AbondanceHaute-Savoie
37%
61Les SaisiesSavoie
37%
89Valloire / ValmeinierSavoie
37%
38ChamrousseIsère
36%
72VarsHautes-Alpes
35%
89Flaine / SamoënsHaute-Savoie
34%
41Font-RomeuPyrénées-Orientales
31%
43RisoulHautes-Alpes
30%
27Saint-Gervais / Les HouchesHaute-Savoie
29%
61ValmorelSavoie
29%
41La RosièreSavoie
28%
36Les OrresHautes-Alpes
27%
80MontgenèvreHautes-Alpes
27%
59Saint-Lary-SoulanHautes-Pyrénées
25%
48Les Contamines-MontjoieSavoie / Haute-Savoie
24%
42La ToussuireSavoie
23%
50Les 7 LauxIsère
22%
45Pra LoupAlpes-de-Haute-Provence
22%
25SuperbessePuy-de-Dôme
22%
49Orcières-MerletteHautes-Alpes
21%
28Villard de Lans / Corrençon-en-VercorsIsère
21%
63Combloux / La GiettazSavoie / Haute-Savoie
20%
42Saint-François-LongchampSavoie
19%
40Le Corbier / Saint-Jean-d'ArvesSavoie
18%
53Le DévoluyHautes-Alpes
18%
52Les RoussesJura (France) / Suisse
18%
37Ax-les-ThermesAriège
17%
22GérardmerVosges
16%
33La Bresse-HohneckVosges
16%
51PeyragudesHautes-Pyrénées / Haute-Garonne
16%
26CauteretsHautes-Pyrénées
15%
58Grand TourmaletHautes-Pyrénées
15%
31Les Carroz-d'ArachesHaute-Savoie
15%
30Oz / VaujanyIsère
15%
25Val FréjusSavoie
15%
43AuronAlpes-Maritimes
14%
43Le LioranCantal
14%
45Les AnglesPyrénées-Orientales
13%
24Pralognan-la-VanoiseSavoie
13%
33Puy-Saint-VincentHautes-Alpes
13%
65Val d'AllosAlpes-de-Haute-Provence
13%
21AussoisSavoie
12%
27Bonneval-sur-ArcSavoie
12%
27La NormaSavoie
12%
27Lans-en-VercorsIsère
12%
31Mont DorePuy-de-Dôme
12%
40GourettePyrénées-Atlantiques
11%
43Piau-EngalyHautes-Pyrénées
11%
39Saint-Sorlin-d'ArvesSavoie
11%
30Arêches BeaufortSavoie
10%
24Auris-en-OisansIsère
10%
28Les KarellisSavoie
10%
28Luchon-SuperbagnèresHaute-Garonne
10%
35Métabief-Mont-d'OrDoubs
10%
56Valberg / Beuil-les-LaunesAlpes-Maritimes
10%
53Praz-de-Lyz-SommandHaute-Savoie
8%
28Crest VolandSavoie
7%
31La Féclaz / Le RevardSavoie
7%
28La Pierre-Saint-MartinPyrénées-Atlantiques
7%
35Le SauzeAlpes-Maritimes
7%
33Luz ArdidenHautes-Pyrénées
7%
36Aillons-MargériazSavoie
6%
32L'Alpe du Grand SerreIsère
6%
27Le Collet-d'AllevardIsère
6%
34Molines-en-Queyras / Saint-VéranHautes-Alpes
6%
25Sainte-Foy-TarentaiseSavoie
6%
22Val-LouronHautes-Pyrénées
6%
27Albiez-MontrondSavoie
5%
23Cambre-d'AzePyrénées-Orientales
5%
27Gresse-en-VercorsIsère
5%
32Saint-Jean-d'AulpsHaute-Savoie
5%
34ChabanonAlpes-de-Haute-Provence
4%
26Col de RoussetDrôme
4%
29GuzetAriège
4%
29Montclar-les-2-valléesAlpes-de-Haute-Provence
4%
70Val d'ArlySavoie / Haute-Savoie
4%
25Gavarnie-GèdreHautes-Pyrénées
3%
23Les BrassesHaute-Savoie
2%
30Porté-PuymorensPyrénées-Orientales
2%
25Bellevaux-HirmentazHaute-Savoie
1%

Distribution des résultats

Percentile par nombre de réponses

% des personnes avec chaque résultat

Votre développement - résultats

Vous n’avez pas pris ce quiz